LDR 01240naa#a2200169#i#450# 001 RU\\bibl\120442 005 20260418201330.6 011 ## _a2409-1073 100 ## _a20240620b2024####ek#y0rusy0150####ca 102 ## _aRU 200 1# _aПроблема начала или минимальной предельной единицы человеческого сознания в становлении исторической субъектности в оптике философии Лейбница, Декарта и Спинозы _eЖурнальная статья 210 1# _aМосква _cФедеральное государственное автономное образовательное учреждение высшего образования Национальный исследовательский университет "Московский институт электронной техники" _d2024 215 ## _a0 с. 608 ## _aЖурнальная статья _2local 675 ## _aСущность философии. Философия как наука. Философия как искусство.. 101.1 _aСоциология. 316 _z 700 #1 _aБурик _gМарина Леонидовна 856 4# _aesgi-journal.ru _u